| 000 | 01415nam a2200289 a 4500 | ||
|---|---|---|---|
| 001 | BRCA_8818 | ||
| 005 | 20190320210425.0 | ||
| 008 | 260417s1730----sp-#######---#000-0#spa-# | ||
| 041 | _aspa | ||
| 044 | _asp | ||
| 084 |
_aBE199 _b.A48 1730 |
||
| 100 | 1 |
_aAlvarez de la Fuente, Joseph (O.F.M.) _921971 |
|
| 245 | 1 | 0 |
_aSuccession pontificia _bepitome historial de las vidas, hechos y resoluciones de los summos pontífices desde San Pedro, primero vicario de Christo, hasta N. Ssmo. Padre Benedicto XIII _cescrita por el Rmo. P.Fr. Joseph Alvarez de la Fuente; Dedicado al excmo señor Don Juan de Camargo; parte sexta. |
| 260 |
_aMadrid _bEn la Imprenta de Lorenzo Francisco Mojados _c1730 |
||
| 300 |
_a[16], 507 p. (t.6) _c14.8 x 10.5 cm. |
||
| 500 | _aCon privilegio | ||
| 500 | _aEstado físico: presenta ecnuadernación en pergamino con lomo semi desprendido, carece de cintas y presencia del pez de plata | ||
| 500 | _aEn portada: Hallaráse en casa de Dionysio Ortega, Mercader de Libros en la Calle de Toledo, y à su costa | ||
| 650 | 1 | 4 |
_aIglesia católica _xHistoria _yObras anteriores a 1800 _921972 |
| 650 | 1 | 4 |
_aPapas _vBibliografías _yObras anteriores a 1800 _921973 |
| 650 | 1 | 4 |
_aPapas _yObras anteriores a 1800 _921974 |
| 700 | 1 |
_aMojados, Lorenzo Francisco _eImpresor _921975 |
|
| 700 | 1 |
_aBenedicto XIII _cPapa _921976 |
|
| 700 | 1 |
_aCamargo, Juan de _921977 |
|
| 902 | _aCFM | ||
| 942 |
_2lcc _cB |
||
| 999 |
_c8469 _d8469 |
||